000 00295nam a2200121Ia 4500
008 240731s9999 xx 000 0 und d
022 _a2159-9173
245 0 _aEast European Politics
260 _bRoutledge
856 _uhttps://www.tandfonline.com/loi/fjcs21
942 _2ddc
942 _cTFEJ
999 _c76327
_d76327
945 _a1
_bMadushi Gamage
_c1
_dMadushi Gamage